English Irregular Verbs Infinitive NEW - Statistiques

Statistiques générales
  • Ce quiz a été pris 101 fois
  • Le résultat moyen est 57 sur 124
Statistiques - réponses
Bare infinitive Past simple + Past participle % Correct
become _ _ became become
76%
be _ _ was were been
72%
burn _ _ burnt burnt
70%
eat _ _ ate eaten
69%
arise _ _ arose arisen
67%
choose _ _ chose chosen
67%
begin _ _ began begun
65%
buy _ _ bought bought
65%
break _ _ broke broken
65%
cut _ _ cut cut
65%
meet _ _ met met
65%
awake _ _ awoke awoken
63%
build _ _ built built
63%
come _ _ came come
63%
bite _ _ bit bitten
61%
do _ _ did done
61%
drink _ _ drank drunk
61%
drive _ _ drove driven
61%
get _ _ got got
61%
let _ _ let let
61%
put _ _ put put
61%
beat _ _ beat beaten
59%
feel _ _ felt felt
59%
give _ _ gave given
59%
blow _ _ blew blown
57%
catch _ _ caught caught
57%
forgive _ _ forgave forgiven
57%
fight _ _ fought fought
57%
grow _ _ grew grown
57%
keep _ _ kept kept
57%
read _ _ read read
57%
bleed _ _ bled bled
56%
bring _ _ brought brought
56%
dream _ _ dreamt dreamt
56%
forget _ _ forgot forgotten
56%
hit _ _ hit hit
56%
leave _ _ left left
56%
make _ _ made made
56%
run _ _ ran run
56%
see _ _ saw seen
56%
cost _ _ cost cost
54%
feed _ _ fed fed
54%
have _ _ had had
54%
know _ _ knew known
54%
lose _ _ lost lost
54%
sleep _ _ slept slept
54%
speak _ _ spoke spoken
54%
go _ _ went gone
54%
write _ _ wrote written
54%
fall _ _ fell fallen
52%
freeze _ _ froze frozen
52%
lead _ _ led led
52%
mean _ _ meant meant
52%
pay _ _ paid paid
52%
sit _ _ sat sat
52%
draw _ _ drew drawn
50%
find _ _ found found
50%
hurt _ _ hurt hurt
50%
learn _ _ learnt learnt
50%
say _ _ said said
50%
shoot _ _ shot shot
50%
take _ _ took taken
50%
win _ _ won won
50%
bend _ _ bent bent
48%
deal _ _ dealt dealt
48%
lend _ _ lent lent
48%
send _ _ sent sent
48%
shut _ _ shut shut
48%
understand _ _ understood understood
48%
hear _ _ heard heard
46%
lay _ _ laid laid
46%
quit _ _ quit quit
46%
ring _ _ rang rung
46%
ride _ _ rode ridden
46%
rise _ _ rose risen
46%
set _ _ set set
46%
tell _ _ told told
46%
forbid _ _ forbad forbidden
44%
hide _ _ hid hidden
44%
spend _ _ spent spent
44%
steal _ _ stole stolen
44%
fly _ _ flew flown
43%
hold _ _ held held
43%
hang _ _ hung hung
43%
sing _ _ sang sung
43%
sell _ _ sold sold
43%
throw _ _ threw thrown
43%
burst _ _ burst burst
41%
creep _ _ crept crept
41%
think _ _ thought thought
41%
weep _ _ wept wept
41%
wake _ _ woke woken
41%
smell _ _ smelt smelt
39%
speed _ _ sped sped
39%
dig _ _ dug dug
37%
swim _ _ swam swum
37%
stand _ _ stood stood
35%
kneel _ _ knelt knelt
33%
shrink _ _ shrank shrunk
31%
spread _ _ spread spread
31%
sweep _ _ swept swept
31%
spring _ _ sprang sprung
30%
teach _ _ taught taught
30%
swear _ _ swore sworn
28%
wear _ _ wore worn
28%
shine _ _ shone shone
26%
split _ _ split split
26%
light _ _ lit lit
24%
spill _ _ spilt spilt
24%
tear _ _ tore torn
24%
grind _ _ ground ground
22%
shake _ _ shook shaken
22%
sting _ _ stung stung
22%
bind _ _ bound bound
20%
show _ _ showed shown
20%
spit _ _ spat spat
20%
stick _ _ stuck stuck
19%
seek _ _ sought sought
17%
spin _ _ span spun
17%
bear _ _ bore borne
15%
lie _ _ lay lain
13%
sew _ _ sewed sewn
13%
swing _ _ swung swung
11%
strike _ _ struck struck
4%
Aucun quiz correspondant
Distribution des résultats
% des personnes avec chaque résultat
Percentile par nombre de réponses
Votre historique - résultats
Vous n’avez pas pris ce quiz